000 00497nab a2200145Ia 4500
003 ES-SlBCS
005 20210601124325.0
008 140529s1994 xxu||||| |||| 00| 0 eng d
041 _aeng
100 1 _aGabbard, David A.
_9139738
245 0 0 _aIvan Illich, Postmodernism, and the Eco-crisis: Reintroducing a Wild Discourse
_c David A. Gabbard
600 1 _aIllich, Iván-Pragmatismo Crítico
_9139739
773 0 _tEducational Theory
_gvol. 44, nº. 2, 1994, págs. 173-187
_wRev1399
942 _cAR
999 _c512942
_d512942